Normal view
MARC view
- World Bank Publications
Entry Personal Name
001 - CONTROL NUMBER
- control field: 20803
003 - CONTROL NUMBER IDENTIFIER
- control field: NUST
005 - DATE AND TIME OF LATEST TRANSACTION
- control field: 20190917074055.0
008 - FIXED-LENGTH DATA ELEMENTS
- fixed length control field: 190917|| aca||aabn | a|a d
040 ## - CATALOGING SOURCE
- Original cataloging agency: NUST
- Transcribing agency: NUST
100 ## - HEADING--PERSONAL NAME
- Personal name: World Bank Publications
670 ## - SOURCE DATA FOUND
- Source citation: Work cat.: (NUST): World Bank Publications, Climate change mitigation in the urban, 2003
